000 00589nam a2200217Ia 4500
008 101110s9999 xx 000 0 und d
041 _aENGLISH
082 _bSR25706
100 _aChopde L.N., Choudhari D.H., Mehta Kishor M., Bapat M.D., Gandhi M.A.
245 _aFinancial accounting (TYBCom)
260 _c2004
_bSheth Prakashan, Mumbai
300 _a1013
365 _b190
520 _aCommerce
546 _aENGLISH
630 _aFinancial accounting (TYBCom)
650 _aCommerce
655 _aCommerce
730 _aFinancial accounting (TYBCom)
942 _cBOOK
999 _c818316
_d818313